000 00570nam a22001937a 4500
008 150327b xxu||||| |||| 00| 0 eng d
020 _a9780071791847
041 0 _aeng
080 _a336
100 _aSalmon, Michael,
245 _aWinning more business in financial services :
260 _aNew York :
_bMcGraw-Hill,
_c2012.
300 _a224 f.:
_bme il.;
_c24 cm.
500 _aPreface: f. V-VI
505 _aIndex: f. 219-224
650 0 _aInvestime
650 0 _aMarketing
942 _2udc
_cBK
999 _c556
_d556